TWD Characters - Statistics

General Stats
  • This quiz has been taken 1,343 times
    1,341 since last reset
  • The average score is 28 of 55
Answer Stats
Hint Answer % Correct
Officer Friendly Rick
100%
Huntsman with a Motorcycle Daryl
97%
Korean Pizza Boy Glenn
97%
Bad Guy with a Bat Negan
95%
Samurai with Walker Pets Michonne
94%
Badass Widow, Former Farmgirl Maggie
93%
Lost an Eye, but kept his Strength Carl
85%
Weak Mother to Cold Killer Carol
85%
Cop Turned to a Killer Shane
83%
Grew up in the apocalypse Judith
80%
Cocky Soldier, bludgeoned by Lucille Abraham
76%
Farmer, Father, Doctor Hershel
75%
Died giving birth in the Prison Lori
73%
Farmgirl in a Hospital Beth
71%
Leader of the Whisperers Alpha
68%
King with a Tiger, Former Zookeper Ezekiel
68%
Heartbroken Latina Soldier Rosita
67%
One Eyed Sociopath The Governor
67%
Insane Man with a Walker Mask Beta
65%
Drug Dealer who hacked off his hand Merle
65%
"Scientist" who knows "The Cure" Eugene
63%
Crazy and Calm Man with a Staff Morgan
62%
Took a Pill in a Coffin to kill Negan Sasha
60%
Priest with a Blind Eye Gabriel
58%
Negan's Right Hand Man Simon
55%
Writer, Love Interest to Carl Enid
53%
Joined Woodbury, regretted it later Andrea
52%
Scar Faced Savior Dwight
52%
Daryl's pet Dog
49%
Sacrificed his life for Carol T-Dog
49%
Adopted by Ezekiel and Carol, later piked Henry
48%
Loyal to the King Jerry
45%
Gets arm amputated after a tree fell Aaron
42%
Former Whisperer, Daughter of Alpha Lydia
40%
Young Teen devoured in a revolving door Noah
40%
Pink jacket, dyed hair Princess
39%
Tiger, saved by Ezekiel Shiva
39%
Homosexual, Martial Arts expert Jesus
38%
Original Leader of Alexandria Deanna
36%
Deaf, has a slingshot Connie
34%
Doctor who was saved by Carl Siddiq
31%
Tough Guy with a Soft Heart Tyreese
28%
Kept his Humanity Dale
24%
Former Lawyer, new leaders girlfriend Yumiko
23%
Red Commonwealth guard Mercer
22%
Middle Finger Master Tara
22%
Losing her hearing like her sister Kelly
20%
Music Artist, has a gear mace Luke
20%
Eaten in the Alexandrian attack Jessie
19%
Former dog owner, now a Reaper Leah
17%
Left the Saviors, changed for the better Alden
16%
Leader of a new group Magna
16%
Betrayed Rick but later saved him Jadis
15%
Drugged Michonne, found Connie Virgil
11%
Always has a smile on his face Bob
6%
No matching quizzes found
Score Distribution
Percent of People with Each Score
Percentile by Number Answered
Your Score History
You have not taken this quiz since the last reset